000 01137nam a2200205 4500
999 _c6693
_d6693
020 _a9780582552074
022 _a0582552079
050 _aPE1112
_b.Q4
100 _aQuirk Randolph
245 _aA University Grammar Of English
_cRandolph Quirk, Sidney Greenbaum.
260 _a[Harlow] :
_bLongman :
_c1973
300 _axi, 484 pages :
_c24 cm
500 _a"Based on A grammar of contemporary English by Randolph Quirk [and others]." American ed. published under title: A concise grammar of contemporary English.
505 _a1. Varieties of English 2. Elements of grammar 3. Verbs and the verb phrase 4. Nouns, pronouns and the basic noun phrase 5. Adjectives and Adverbs 6. Preposition and prepositional phrase 7. The simple sentences 8. Adjucts, disjuncts, conjuncts 9. Coordination and apposition 10. Sentence connection 11. The complex sentence 12. The verb and its complementation 13. The complex noun phrase 14. Focus, theme, and emphasis Index
650 _aEnglish language -- Grammar.
650 _aLanguage
650 _aAnglais (Langue) -- Grammaire.
700 _aGreenbaum Sidney
942 _cBK